[Event "36th World U20 ch"]
[Site "Zagan POL"]
[Date "1997.07.19"]
[Round "6"]
[White "Florean, Andrei"]
[Black "Putka, Verners"]
[Result "1-0"]
[WhiteElo "2445"]
[BlackElo "2220"]
[EventDate "1997.07.14"]
[PlyCount "81"]

1.Nf3 e6 2.g3 f5 3.Bg2 Nf6 4.d3 Be7 5.O-O O-O 6.Nbd2 d6 7.c3 c6 8.e4 fxe4 
9.dxe4 e5 10.Qc2 Kh8 11.b3 Qe8 12.a4 Qh5 13.Re1 Na6 14.Ba3 Nc7 15.Qd3 Bg4 
16.Qf1 Rad8 17.h3 Bc8 18.Re3 h6 19.Nc4 c5 20.Rd1 g5 21.Nh2 Qg6 22.Qe2 h5 
23.Red3 Ng8 24.R1d2 Be6 25.Nxd6 Bxb3 26.Bxc5 Bxa4 27.Bf3 Nf6 28.Nxb7 Rxd3 
29.Qxd3 Bxc5 30.Nxc5 g4 31.hxg4 hxg4 32.Bg2 Bb5 33.c4 Be8 34.Qd6 Qh6 35.
Rd1 Na8 36.Qxe5 Nb6 37.Nxg4 Nxc4 38.Qd4 Qg6 39.Nxf6 Qxf6 40.Qxf6+ Rxf6 41.
Rd8 1-0

[Event "36th World U20 ch"]
[Site "Zagan POL"]
[Date "1997.07.19"]
[Round "6"]
[White "Bratanov, Zsivko"]
[Black "Szabo, Zsolt Jozsef"]
[Result "0-1"]
[WhiteElo "2355"]
[BlackElo "2435"]
[EventDate "1997.07.14"]
[PlyCount "104"]

1.e4 e5 2.Nc3 Nf6 3.g3 d5 4.exd5 Nxd5 5.Bg2 Nxc3 6.bxc3 Nc6 7.Rb1 Bc5 8.
Ne2 O-O 9.O-O Re8 10.d3 Bb6 11.h3 Bf5 12.Kh2 Qd6 13.g4 Be6 14.c4 Rad8 15.
Be3 Bxe3 16.fxe3 e4+ 17.Ng3 exd3 18.cxd3 Bc8 19.Qf3 Ne5 20.Qf4 Qxd3 21.
Bxb7 Qxc4 22.Qxc4 Nxc4 23.Bxc8 Rd2+ 24.Kh1 Rxc8 25.Rfc1 Nb6 26.a4 Ra2 27.
Nf5 Kf8 28.Rc6 Rxa4 29.Rbc1 g6 30.Nh6 Nd5 31.Rd1 Nxe3 32.Rd7 Rf4 33.g5 Ke8
34.Rcxc7 Rxc7 35.Rxc7 a5 36.Ng8 Kd8 37.Ra7 Rf5 38.Nh6 Rf1+ 39.Kh2 Nc4 40.
Nxf7+ Kc8 41.h4 Kb8 42.Re7 Rd1 43.Ne5 Nxe5 44.Rxe5 a4 45.Kg3 Ka7 46.Re8 
Kb7 47.Re4 a3 48.Ra4 Rd3+ 49.Kf4 Kb6 50.Ke5 Rf3 51.Ra8 Rf5+ 52.Ke6 Ra5 0-1

[Event "36th World U20 ch"]
[Site "Zagan POL"]
[Date "1997.07.19"]
[Round "6"]
[White "Ho, Andrew"]
[Black "Gershon, Alik"]
[Result "0-1"]
[WhiteElo "2340"]
[BlackElo "2420"]
[EventDate "1997.07.14"]
[PlyCount "70"]

1.d4 Nf6 2.c4 c5 3.d5 b5 4.cxb5 a6 5.b6 e6 6.Nc3 Bb7 7.e4 exd5 8.exd5 d6 
9.a4 a5 10.Bb5+ Nbd7 11.Bg5 Be7 12.Bxf6 Bxf6 13.Qg4 Qe7+ 14.Kd2 h5 15.Qh3 
Bxc3+ 16.bxc3 Bxd5 17.Ne2 Be6 18.Qf3 O-O 19.Qxh5 g6 20.Qh6 Nxb6 21.h4 Nc4+
22.Bxc4 Bxc4 23.Nf4 Rab8 24.Rab1 Rxb1 25.Rxb1 Qe4 26.Re1 Qb7 27.Rc1 Rb8 
28.f3 Re8 29.Qg5 Re5 30.Qd8+ Kh7 31.h5 g5 32.Qxd6 Rf5 33.g4 Rxf4 34.Qxc5 
Qxf3 35.Re1 Qd3+ 0-1

[Event "36th World U20 ch"]
[Site "Zagan POL"]
[Date "1997.07.19"]
[Round "6"]
[White "Carrasco Martinez, Juan Manuel"]
[Black "Goloschapov, Alexander"]
[Result "1/2-1/2"]
[WhiteElo "2280"]
[BlackElo "2400"]
[EventDate "1997.07.14"]
[PlyCount "63"]

1.d4 d5 2.Nf3 c6 3.Bf4 Qb6 4.Qc1 Bf5 5.e3 Nd7 6.c4 e6 7.Nc3 Ngf6 8.h3 Be7 
9.c5 Qd8 10.b4 O-O 11.Be2 Ne4 12.O-O Bf6 13.Ne5 Bxe5 14.dxe5 Nxc3 15.Qxc3 
b6 16.Ba6 Qc7 17.Rfe1 bxc5 18.bxc5 Nb8 19.Bf1 Nd7 20.f3 Bg6 21.Bh2 a5 22.
e4 dxe4 23.fxe4 a4 24.Rac1 Rfd8 25.Kh1 a3 26.Rcd1 Ra4 27.Qc2 Ra5 28.Qd2 
Raa8 29.Qc3 Ra4 30.Qc2 Ra5 31.Qd2 Raa8 32.Qc3 1/2-1/2

[Event "36th World U20 ch"]
[Site "Zagan POL"]
[Date "1997.07.19"]
[Round "6"]
[White "Stojanovic, Mihajlo"]
[Black "Rezan, Sasa"]
[Result "1-0"]
[WhiteElo "2470"]
[BlackElo "2250"]
[EventDate "1997.07.14"]
[PlyCount "55"]

1.e4 c5 2.Nf3 e6 3.d4 cxd4 4.Nxd4 Nf6 5.Nc3 d6 6.f4 Nc6 7.Be3 e5 8.Nf3 Ng4
9.Bg1 exf4 10.Nd5 Be7 11.Qd2 Ne3 12.Bxe3 fxe3 13.Qxe3 O-O 14.O-O-O Be6 15.
Kb1 Re8 16.Qf4 Rc8 17.a3 Bf8 18.Bc4 Ne7 19.Bb5 Nxd5 20.exd5 Bd7 21.Ng5 Re7
22.Bd3 h6 23.h4 hxg5 24.Bh7+ Kh8 25.hxg5 g6 26.Bxg6+ Kg8 27.Rh8+ Kxh8 28.
Qh4+ 1-0

[Event "36th World U20 ch"]
[Site "Zagan POL"]
[Date "1997.07.19"]
[Round "6"]
[White "Savic, Miodrag"]
[Black "Schneider, Stefan"]
[Result "1/2-1/2"]
[WhiteElo "2430"]
[BlackElo "2305"]
[EventDate "1997.07.14"]
[PlyCount "178"]

1.e4 Nf6 2.e5 Nd5 3.d4 d6 4.Nf3 dxe5 5.dxe5 Bg4 6.Be2 e6 7.O-O Nd7 8.Nd4 
Bxe2 9.Qxe2 c6 10.c4 Ne7 11.f4 Nf5 12.Nxf5 exf5 13.Qc2 Bc5+ 14.Kh1 g6 15.
Rd1 Qe7 16.a3 a5 17.b3 Nf8 18.Nc3 Ne6 19.Ne2 O-O 20.Bb2 Rfd8 21.a4 Rxd1+ 
22.Rxd1 Rd8 23.g3 b5 24.Kg2 Rxd1 25.Qxd1 bxa4 26.bxa4 Qb7 27.Bc3 Bb4 28.
Ba1 Bc5 29.Bc3 Bb4 30.Ba1 Bc5 31.Bc3 Qa6 32.Qb3 Bb4 33.Bd4 c5 34.Bf2 Qc6+ 
35.Qf3 Qxa4 36.g4 Qc2 37.gxf5 Qxf5 38.Be3 Qc2 39.Kh3 a4 40.Ng3 Qd3 41.Qa8+
Kg7 42.f5 Qxe3 43.fxe6 Qxe5 44.exf7 Qe6+ 45.Kg2 Qxf7 46.Qxa4 Qxc4 47.Qd7+ 
Qf7 48.Qd6 Qb7+ 49.Kf2 Qf7+ 50.Kg2 Qe8 51.Qc7+ Kg8 52.Qd6 Qa8+ 53.Kg1 Qa1+
54.Kg2 Qa8+ 55.Kg1 Qa1+ 56.Kg2 Qb2+ 57.Kh3 Qd4 58.Qe6+ Kf8 59.Kg2 c4 60.
Qc8+ Kf7 61.Qb7+ Be7 62.Qf3+ Kg7 63.Qb7 Qe5 64.Ne4 Qe6 65.Kf3 Kh6 66.Qc7 
Qf5+ 67.Ke3 Bg5+ 68.Kd4 Bf6+ 69.Nxf6 Qxf6+ 70.Kxc4 g5 71.Kd3 Qf3+ 72.Kc2 
Qf5+ 73.Kd1 Kh5 74.Qg7 h6 75.Ke2 Qf4 76.h4 Qh2+ 77.Kf1 Qh1+ 78.Ke2 Qg2+ 
79.Ke1 g4 80.Qf7+ Kxh4 81.Qf6+ Kg3 82.Qe5+ Kh3 83.Qh5+ Kg3 84.Qe5+ Kh4 85.
Qf6+ Kh3 86.Qxh6+ Kg3 87.Qd6+ Kh3 88.Qh6+ Kg3 89.Qd6+ Kh3 1/2-1/2

[Event "36th World U20 ch"]
[Site "Zagan POL"]
[Date "1997.07.19"]
[Round "6"]
[White "Dantas, Carlos"]
[Black "Henni, Mohamed"]
[Result "1/2-1/2"]
[WhiteElo "2200"]
[BlackElo "2375"]
[EventDate "1997.07.14"]
[PlyCount "63"]

1.f4 c5 2.Nf3 d5 3.e3 Nc6 4.d4 e6 5.c3 Qc7 6.Bd3 Bd7 7.O-O O-O-O 8.a4 c4 
9.Bc2 Na5 10.b4 cxb3 11.Bxb3 Nf6 12.Ne5 Be8 13.Bd2 Ne4 14.c4 f6 15.Bxa5 
Qxa5 16.Nd3 Kb8 17.c5 g6 18.Na3 Qd2 19.Re1 Qxd1 20.Rexd1 b6 21.Rdb1 Nd2 
22.Rb2 Nxb3 23.Rxb3 Bxa4 24.Rb2 Kb7 25.cxb6 a6 26.Nc5+ Bxc5 27.dxc5 Rc8 
28.Nc2 Bb5 29.Nd4 Rxc5 30.Nxe6 Rc6 31.Nd4 Rxb6 32.Rab1 1/2-1/2

[Event "36th World U20 ch"]
[Site "Zagan POL"]
[Date "1997.07.19"]
[Round "6"]
[White "Tikhonov, Yury"]
[Black "Bircher, Roland"]
[Result "1-0"]
[WhiteElo "2415"]
[BlackElo "2185"]
[EventDate "1997.07.14"]
[PlyCount "55"]

1.d4 f5 2.g3 Nf6 3.Bg2 g6 4.b3 Bg7 5.Bb2 d6 6.Nf3 O-O 7.Nbd2 Qe8 8.O-O c6 
9.c4 h6 10.Qc2 g5 11.Rae1 Qg6 12.d5 c5 13.e4 fxe4 14.Nxe4 Bf5 15.Nfd2 Nbd7
16.f4 Nxe4 17.Nxe4 Bxb2 18.Qxb2 Rf7 19.fxg5 hxg5 20.Qd2 Rg7 21.h3 Bxe4 22.
Bxe4 Qh5 23.Bf5 Ne5 24.Kg2 g4 25.hxg4 Rxg4 26.Bxg4 Qxg4 27.Qf4 Qg6 28.Qf5 
1-0

[Event "36th World U20 ch"]
[Site "Zagan POL"]
[Date "1997.07.19"]
[Round "6"]
[White "Zerdo, Mirza"]
[Black "Sarakauskas, Gediminas"]
[Result "0-1"]
[WhiteElo "2175"]
[BlackElo "2295"]
[EventDate "1997.07.14"]
[PlyCount "75"]

1.d4 e6 2.c4 c5 3.d5 Nf6 4.Nc3 exd5 5.cxd5 Bd6 6.Nf3 O-O 7.g3 a6 8.a4 Bc7 
9.Bg2 d6 10.O-O Re8 11.h3 Nbd7 12.Nd2 Rb8 13.e4 b5 14.axb5 axb5 15.b3 Ne5 
16.Qc2 Bd7 17.f4 Ng6 18.Bb2 b4 19.Ncb1 Nh5 20.Rf3 Qe7 21.Re3 Ngxf4 22.gxf4
Nxf4 23.Nc4 Qh4 24.Qf2 Qh6 25.Rg3 Nh5 26.Rf3 Rxe4 27.Nbd2 Rf4 28.Rxf4 Nxf4
29.Rf1 g5 30.Ne4 Bxh3 31.Nf6+ Kf8 32.Ne3 Bxg2 33.Qxg2 Nxg2 34.Kxg2 Ra8 35.
Neg4 Qg6 36.Nd7+ Ke7 37.Ngf6 Qc2+ 38.Kh1 0-1

[Event "36th World U20 ch"]
[Site "Zagan POL"]
[Date "1997.07.19"]
[Round "6"]
[White "Petry, Croife"]
[Black "Kucumenler, Tarkan"]
[Result "1-0"]
[WhiteElo "2195"]
[BlackElo "2035"]
[EventDate "1997.07.14"]
[PlyCount "81"]

1.d4 Nf6 2.Nf3 g6 3.Bg5 Bg7 4.Nbd2 O-O 5.e4 d5 6.e5 Ne4 7.Be3 c5 8.dxc5 
Nd7 9.Nb3 Nxe5 10.Nxe5 Bxe5 11.f3 Nf6 12.c3 Bc7 13.Qd2 e5 14.Bg5 Be6 15.
Bb5 a6 16.Ba4 Qe7 17.Qf2 Rfc8 18.O-O Kg7 19.Qh4 Bd8 20.f4 e4 21.f5 gxf5 
22.Nd4 Kg8 23.g4 h6 24.Bxf6 Qxf6 25.Qxf6 Bxf6 26.gxf5 Rxc5 27.fxe6 Bxd4+ 
28.cxd4 Rc4 29.exf7+ Kf8 30.Be8 Rxd4 31.Rf6 Rd2 32.Rxh6 Rxe8 33.fxe8=Q+ 
Kxe8 34.h4 Ke7 35.Re1 Rxb2 36.h5 Rxa2 37.Rb6 Ra3 38.h6 Rh3 39.Rd1 Rh5 40.
h7 Ke8 41.Rxb7 1-0

[Event "36th World U20 ch"]
[Site "Zagan POL"]
[Date "1997.07.20"]
[Round "7"]
[White "Banikas, Hristos"]
[Black "Baklan, Volodymyr"]
[Result "1-0"]
[WhiteElo "2450"]
[BlackElo "2570"]
[EventDate "1997.07.14"]
[PlyCount "83"]

1.c4 Nf6 2.Nc3 c5 3.g3 Nc6 4.Bg2 g6 5.Nf3 d6 6.O-O Bg7 7.d4 cxd4 8.Nxd4 
Bd7 9.b3 O-O 10.Bb2 Qa5 11.Rc1 Rac8 12.h3 Rfe8 13.e4 a6 14.a3 Nxd4 15.Qxd4
Be6 16.Qe3 Nd7 17.Kh2 Qc5 18.Qd2 Qb6 19.Qc2 Nc5 20.b4 Nd7 21.Na4 Qd8 22.
Bxg7 Kxg7 23.c5 b5 24.c6 Rc7 25.Qb2+ Nf6 26.Nb6 Qb8 27.Nd5 Bxd5 28.exd5 e6
29.Rfe1 exd5 30.Bxd5 Qd8 31.Qd4 Kg8 32.Rxe8+ Nxe8 33.Qb6 h5 34.Qxa6 Qb8 
35.a4 bxa4 36.Qxa4 Nf6 37.Bg2 Qb6 38.Qa5 Qb8 39.b5 d5 40.b6 Rc8 41.b7 Rc7 
42.Qa8 1-0

[Event "36th World U20 ch"]
[Site "Zagan POL"]
[Date "1997.07.20"]
[Round "7"]
[White "Rowson, Jonathan"]
[Black "Avrukh, Boris"]
[Result "1-0"]
[WhiteElo "2490"]
[BlackElo "2550"]
[EventDate "1997.07.14"]
[PlyCount "67"]

1.d4 Nf6 2.c4 g6 3.Nc3 Bg7 4.e4 d6 5.f3 O-O 6.Nge2 a6 7.Bg5 Nbd7 8.Nc1 c6 
9.a4 e5 10.d5 cxd5 11.cxd5 Qe8 12.Nb3 Nh5 13.Nd2 f6 14.Bh4 Nf4 15.Nc4 Qe7 
16.a5 Rb8 17.Qb3 Nc5 18.Qb6 g5 19.Bg3 Rd8 20.O-O-O Bf8 21.Bf2 Nd7 22.Qa7 
Re8 23.g3 Ng6 24.Kb1 Qf7 25.Bh3 Qe7 26.Be6+ Kh8 27.Rc1 Qg7 28.Rc2 Be7 29.
Ne3 Qf8 30.Nf5 Rd8 31.Na4 Qe8 32.Nh6 b5 33.Nf7+ Kg7 34.Nxd8 1-0

[Event "36th World U20 ch"]
[Site "Zagan POL"]
[Date "1997.07.20"]
[Round "7"]
[White "Zulfugarli, Mahomed"]
[Black "Kempinski, Robert"]
[Result "1/2-1/2"]
[WhiteElo "2385"]
[BlackElo "2530"]
[EventDate "1997.07.14"]
[PlyCount "121"]

1.e4 c5 2.c3 d6 3.d4 Nf6 4.Bd3 cxd4 5.cxd4 g6 6.h3 Bg7 7.Nf3 O-O 8.O-O Nc6
9.Nc3 e5 10.dxe5 dxe5 11.Be3 Be6 12.Bb5 Na5 13.Qxd8 Rfxd8 14.Rfd1 Rdc8 15.
Nd5 Bxd5 16.exd5 a6 17.Bf1 e4 18.Ne5 Rd8 19.Nxf7 Kxf7 20.Bb6 Rxd5 21.Rxd5 
Nxd5 22.Bxa5 Rc8 23.Rd1 Ke6 24.b3 b5 25.Re1 Nf6 26.a4 Rb8 27.Rc1 Kd5 28.
axb5 axb5 29.Bb4 Nd7 30.Rc7 Ke6 31.Be2 h5 32.g4 Be5 33.Rc6+ Kd5 34.Rxg6 
hxg4 35.Rxg4 Bd4 36.Bd2 Nc5 37.Rg5+ Kc6 38.Rg6+ Kb7 39.Bxb5 Rf8 40.Be3 
Bxe3 41.fxe3 Nxb3 42.Bc6+ Kc7 43.Bxe4 Re8 44.Rc6+ Kd7 45.Rc4 Kd6 46.Kf2 
Nc5 47.Bf3 Nd3+ 48.Ke2 Ne5 49.Rd4+ Ke6 50.Bd5+ Ke7 51.Rh4 Rb8 52.e4 Rb1 
53.Rh6 Nd7 54.Be6 Rb6 55.Bxd7 Rxh6 56.Bf5 Kf6 57.Kf3 Rh4 58.Bg4 Ke5 59.Bf5
Rf4+ 60.Kg3 Rxe4 61.Bxe4 1/2-1/2

[Event "36th World U20 ch"]
[Site "Zagan POL"]
[Date "1997.07.20"]
[Round "7"]
[White "Shaked, Tal"]
[Black "Vesterbak Pedersen, Nicolai"]
[Result "1-0"]
[WhiteElo "2500"]
[BlackElo "2300"]
[EventDate "1997.07.14"]
[PlyCount "67"]

1.d4 d5 2.c4 c6 3.Nc3 Nf6 4.cxd5 cxd5 5.Bf4 Nc6 6.e3 a6 7.Bd3 Bg4 8.Nge2 
e6 9.O-O Be7 10.Rc1 Nd7 11.a3 Bh5 12.Bg3 Nb6 13.Na4 Nxa4 14.Qxa4 Bxe2 15.
Bxe2 O-O 16.Rc3 Qb6 17.Qc2 f5 18.Rb3 Qa7 19.Bc7 Rac8 20.Bb6 Nxd4 21.Bxa7 
Rxc2 22.Bxd4 Rxe2 23.Rc1 Rd2 24.Kf1 Rxd4 25.exd4 Bf6 26.Rd3 Rb8 27.Ke2 Kf8
28.Rc7 Ke8 29.Rb3 b5 30.Kd3 Rb6 31.Rbc3 a5 32.R3c6 Rb8 33.Rxe6+ Kf8 34.
Rec6 1-0

[Event "36th World U20 ch"]
[Site "Zagan POL"]
[Date "1997.07.20"]
[Round "7"]
[White "Gershon, Alik"]
[Black "Krakops, Maris"]
[Result "1-0"]
[WhiteElo "2420"]
[BlackElo "2530"]
[EventDate "1997.07.14"]
[PlyCount "97"]

1.e4 c5 2.Nf3 Nc6 3.d4 cxd4 4.Nxd4 Nf6 5.Nc3 e6 6.Nxc6 bxc6 7.e5 Nd5 8.Ne4
Qc7 9.f4 Qa5+ 10.c3 Be7 11.Bd3 Qb6 12.c4 f5 13.Ng3 Ne3 14.Qe2 Bb4+ 15.Bd2 
Nxg2+ 16.Kf1 Bxd2 17.Qxd2 Nh4 18.Rd1 O-O 19.Qe2 Bb7 20.Qh5 Ng6 21.Ne2 Qe3 
22.Rg1 Nxf4 23.Qg5 Qh3+ 24.Ke1 Ng6 25.Rg3 Qh4 26.Qxh4 Nxh4 27.Nf4 c5 28.
Be2 Rf7 29.Kf2 h6 30.Bh5 Re7 31.Bg6 Rf8 32.Rgd3 Rd8 33.Kg3 Nxg6 34.Nxg6 
Rf7 35.Kf4 Kh7 36.Rg1 d5 37.exd6 Be4 38.Rd2 Rf6 39.Ne7 Bb7 40.b4 cxb4 41.
c5 e5+ 42.Kxe5 Bc8 43.Nxc8 Rxc8 44.d7 Rxc5+ 45.Rd5 Rc4 46.Re1 Rf8 47.d8=Q 
Rxd8 48.Rxd8 f4 49.Rd7 1-0

[Event "36th World U20 ch"]
[Site "Zagan POL"]
[Date "1997.07.20"]
[Round "7"]
[White "Bauer, Christian"]
[Black "Delemarre, Jop"]
[Result "0-1"]
[WhiteElo "2525"]
[BlackElo "2395"]
[EventDate "1997.07.14"]
[PlyCount "70"]

1.e4 c6 2.d4 d5 3.e5 Bf5 4.Nf3 e6 5.Be2 Ne7 6.O-O Bg6 7.Nbd2 c5 8.c3 cxd4 
9.Nxd4 Nec6 10.N2f3 Nd7 11.Bf4 Be7 12.c4 Nb6 13.cxd5 Nxd5 14.Nxc6 bxc6 15.
Qa4 O-O 16.Bd2 Qb6 17.b3 a5 18.Rac1 Rfc8 19.Rfd1 Qb7 20.Nh4 Bb4 21.Be3 Nc3
22.Rxc3 Bxc3 23.Nxg6 hxg6 24.Qe4 Qb4 25.Bc4 a4 26.h4 axb3 27.axb3 Ra1 28.
Rxa1 Bxa1 29.g3 Qe1+ 30.Kg2 Qc3 31.f4 Rd8 32.Qf3 Qc2+ 33.Kh3 Bd4 34.Bxd4 
Rxd4 35.Qxc6 Rd2 0-1

[Event "36th World U20 ch"]
[Site "Zagan POL"]
[Date "1997.07.20"]
[Round "7"]
[White "Macieja, Bartlomiej"]
[Black "Fontaine, Robert"]
[Result "1-0"]
[WhiteElo "2470"]
[BlackElo "2395"]
[EventDate "1997.07.14"]
[PlyCount "103"]

1.e4 c6 2.Nc3 d5 3.d4 dxe4 4.Nxe4 Bf5 5.Ng3 Bg6 6.h4 h6 7.Nf3 Nd7 8.h5 Bh7
9.Bd3 Bxd3 10.Qxd3 Qc7 11.Bd2 e6 12.O-O-O Bd6 13.Rh4 Ngf6 14.Ne4 b5 15.
Nxd6+ Qxd6 16.Kb1 a5 17.g4 Qd5 18.g5 hxg5 19.Nxg5 Nf8 20.Rdh1 N6h7 21.Ne4 
Nf6 22.f3 Nxe4 23.fxe4 Qd8 24.Qc3 Rc8 25.h6 gxh6 26.d5 Rg8 27.dxe6 Nxe6 
28.Rxh6 Qd6 29.Qxa5 Qc5 30.a3 Nd4 31.Qc3 Qxc3 32.Bxc3 Ne6 33.Bf6 Nf8 34.e5
Ng6 35.Rd1 Nf4 36.Rd6 Ne6 37.Rh1 Nf4 38.Rh8 Rxh8 39.Bxh8 Ng6 40.Bf6 Ne7 
41.Bxe7 Kxe7 42.b3 f5 43.Rf6 c5 44.Rxf5 Ke6 45.Rh5 c4 46.Kb2 c3+ 47.Ka2 b4
48.axb4 Ra8+ 49.Kb1 Rd8 50.Rh3 Rc8 51.Re3 Rc7 52.b5 1-0

[Event "36th World U20 ch"]
[Site "Zagan POL"]
[Date "1997.07.20"]
[Round "7"]
[White "Kunte, Abhijit"]
[Black "Florean, Andrei"]
[Result "1/2-1/2"]
[WhiteElo "2430"]
[BlackElo "2445"]
[EventDate "1997.07.14"]
[PlyCount "114"]

1.e4 c5 2.c3 d5 3.exd5 Qxd5 4.d4 Nf6 5.Nf3 e6 6.Bd3 Nc6 7.O-O Be7 8.a3 a5 
9.Be3 O-O 10.Nbd2 cxd4 11.cxd4 Bd7 12.Nc4 Rad8 13.Bf4 Qh5 14.Bc7 Rc8 15.
Bg3 Rcd8 16.Qd2 a4 17.Rfe1 Nd5 18.Rad1 Qh6 19.Qxh6 gxh6 20.Ne3 Nf6 21.Bc4 
Na5 22.Bc7 Ra8 23.Ba2 Nb3 24.Bf4 Kg7 25.Nf5+ exf5 26.Rxe7 Rfe8 27.Rxe8 
Rxe8 28.Be5 Kg6 29.Bb1 Nd5 30.Bd3 f6 31.Bd6 Re6 32.Nh4+ Kf7 33.Nxf5 Nxd4 
34.Bc5 Nb3 35.Nxh6+ Ke8 36.Ba7 Re5 37.Bxh7 Kf8 38.f4 Rh5 39.Be4 Bc6 40.Ng4
Nxf4 41.Bxc6 bxc6 42.Nxf6 Rb5 43.Ne4 Rb7 44.Be3 Nd5 45.Bf2 Kg8 46.Rd3 Re7 
47.Nd2 Nc1 48.Rg3+ Kh7 49.Rg4 Nd3 50.Ne4 Nxb2 51.h4 Nd3 52.Ng5+ Kh6 53.
Rxa4 Re2 54.Bg3 Ne3 55.Ne4 Rxg2+ 56.Kh1 Ra2 57.Rd4 Rxa3 1/2-1/2

[Event "36th World U20 ch"]
[Site "Zagan POL"]
[Date "1997.07.20"]
[Round "7"]
[White "Bunzmann, Dimitrij"]
[Black "Pereyra Arcija, Diego"]
[Result "1/2-1/2"]
[WhiteElo "2370"]
[BlackElo "2460"]
[EventDate "1997.07.14"]
[PlyCount "114"]

1.d4 Nf6 2.Nf3 g6 3.g3 Bg7 4.Bg2 O-O 5.O-O d6 6.c4 Nbd7 7.Qc2 e5 8.Rd1 Re8
9.dxe5 dxe5 10.e4 c6 11.h3 b6 12.Be3 Qe7 13.Nc3 Bb7 14.Rd2 Nf8 15.Rad1 Qc7
16.c5 Ne6 17.Na4 b5 18.Nc3 a5 19.a4 Bf8 20.axb5 Bxc5 21.bxc6 Bxc6 22.Nd5 
Bxd5 23.exd5 Bxe3 24.dxe6 Qxc2 25.Rxc2 e4 26.exf7+ Kxf7 27.fxe3 exf3 28.
Bxf3 Rab8 29.Rd3 Re5 30.Kf2 g5 31.b3 Rb6 32.Ke1 Kg6 33.Rc4 Reb5 34.Bd1 h5 
35.Bc2 Kf7 36.Rd8 Ke7 37.Ra8 Re5 38.Ra7+ Ke6 39.Kf2 Rd6 40.Bg6 Nd5 41.Rxa5
Rxe3 42.Rb5 Ra6 43.Rc2 h4 44.gxh4 gxh4 45.Bh5 Re5 46.Bg4+ Kf6 47.Rd2 Nc3 
48.Rxe5 Kxe5 49.Rd3 Ne4+ 50.Ke3 Ra1 51.Rd8 Re1+ 52.Kf3 Ng5+ 53.Kg2 Rb1 54.
Rf8 Kd4 55.Rf5 Ke3 56.Re5+ Kf4 57.Rf5+ Ke3 1/2-1/2

[Event "36th World U20 ch"]
[Site "Zagan POL"]
[Date "1997.07.20"]
[Round "7"]
[White "Goloschapov, Alexander"]
[Black "Ibraev, Nurlan"]
[Result "0-1"]
[WhiteElo "2400"]
[BlackElo "2320"]
[EventDate "1997.07.14"]
[PlyCount "64"]

1.e4 e5 2.Nf3 Nc6 3.Bb5 a6 4.Ba4 Nf6 5.O-O b5 6.Bb3 Bc5 7.c3 d6 8.d4 Bb6 
9.h3 Bb7 10.Re1 O-O 11.d5 Ne7 12.c4 c6 13.Nc3 bxc4 14.dxc6 Bxc6 15.Bxc4 h6
16.Qd3 Qc7 17.b4 Rfd8 18.Bb2 Ng6 19.g3 d5 20.Nxd5 Bxd5 21.Bxd5 Rxd5 22.
exd5 e4 23.d6 Qb7 24.Qd2 exf3 25.Bd4 Qd7 26.Kh2 Ng4+ 27.Kg1 N4e5 28.Kh2 
Qxd6 29.Be3 Qxd2 30.Bxd2 Bxf2 31.Rf1 Bb6 32.Rac1 Re8 0-1

[Event "36th World U20 ch"]
[Site "Zagan POL"]
[Date "1997.07.20"]
[Round "7"]
[White "Kelly, Brian"]
[Black "Carrasco Martinez, Juan Manuel"]
[Result "1/2-1/2"]
[WhiteElo "2390"]
[BlackElo "2280"]
[EventDate "1997.07.14"]
[PlyCount "131"]

1.Nf3 e6 2.c4 b6 3.g3 Bb7 4.Bg2 f5 5.O-O Nf6 6.d3 g6 7.Nc3 Bg7 8.Re1 O-O 
9.e4 fxe4 10.dxe4 Nc6 11.h3 Kh8 12.e5 Ng8 13.Bf4 Rf7 14.Qd2 Qf8 15.Rad1 
Rd8 16.h4 h6 17.Nb5 Na5 18.Qd3 Bxf3 19.Qxf3 Ne7 20.Qe4 Nf5 21.Bd2 Nc6 22.
Bc3 Qc5 23.Qg4 Kh7 24.Nxc7 h5 25.Qe2 Nxg3 26.Qe3 Qxe3 27.Rxe3 Nf5 28.Red3 
Rc8 29.Bxc6 dxc6 30.Nxe6 Re7 31.Nxg7 Kxg7 32.e6+ Kf8 33.Rd8+ Rxd8 34.Rxd8+
Re8 35.Rd7 Re7 36.Rd8+ Re8 37.Rd7 Re7 38.Bf6 Rxe6 39.Bg5 a5 40.Rb7 Nd6 41.
Rxb6 Nxc4 42.Ra6 Nxb2 43.Rxa5 Re4 44.Kg2 Ra4 45.Rxa4 Nxa4 46.Kf3 Kf7 47.
Ke3 Ke6 48.Kd4 c5+ 49.Kc4 Kd6 50.Kb3 Nb6 51.a4 Kd5 52.Bd8 Nd7 53.Bc7 Nf6 
54.Bf4 Kc6 55.f3 Nd5 56.Bg5 Nb6 57.Bd2 Nd7 58.Bc3 Kd5 59.a5 Nb8 60.Bf6 Na6
61.Bg5 Kd4 62.Be7 Nb4 63.Bf8 Na6 64.Bg7+ Kd3 65.Ka4 Kc4 66.Be5 1/2-1/2

[Event "36th World U20 ch"]
[Site "Zagan POL"]
[Date "1997.07.20"]
[Round "7"]
[White "Bagheri, Amir"]
[Black "Malakhatko, Vadym"]
[Result "1-0"]
[WhiteElo "2300"]
[BlackElo "2445"]
[EventDate "1997.07.14"]
[PlyCount "114"]

1.d4 Nf6 2.Nf3 c5 3.c3 e6 4.Bf4 b6 5.e3 Bb7 6.Nbd2 Be7 7.Bd3 Nh5 8.Bg3 
Nxg3 9.hxg3 h6 10.g4 cxd4 11.exd4 d6 12.Be4 Bxe4 13.Nxe4 d5 14.Ng3 Nd7 15.
Qe2 a6 16.Nh5 Kf8 17.Nf4 Bd6 18.Nd3 Kg8 19.Kf1 Qf6 20.Re1 b5 21.g3 Rb8 22.
Kg2 Qe7 23.g5 hxg5 24.Rxh8+ Kxh8 25.Nfe5 Bxe5 26.Nxe5 Nf6 27.Nc6 Qc7 28.
Nxb8 Qxb8 29.Qe5 Qxe5 30.Rxe5 g4 31.Re1 Nd7 32.Kf1 Kg8 33.Ke2 g5 34.Ra1 
Nb6 35.b3 Kg7 36.Kd3 Kf6 37.Rh1 Kg7 38.Rh5 f6 39.Rh1 Kg8 40.Rb1 Kf7 41.Re1
a5 42.Rh1 Kg7 43.Rb1 Kg6 44.Kc2 Kg7 45.Kd3 Kg6 46.Ra1 Kg7 47.Kc2 Kg6 48.
Kd3 Kg7 49.a4 bxa4 50.c4 axb3 51.c5 b2 52.Rb1 Nc4 53.c6 a4 54.c7 a3 55.
c8=Q a2 56.Qb7+ Kg6 57.Rh1 Kf5 1-0

[Event "36th World U20 ch"]
[Site "Zagan POL"]
[Date "1997.07.20"]
[Round "7"]
[White "Putka, Verners"]
[Black "Tikhonov, Yury"]
[Result "1-0"]
[WhiteElo "2220"]
[BlackElo "2415"]
[EventDate "1997.07.14"]
[PlyCount "79"]

1.d4 Nf6 2.c4 g6 3.Nf3 Bg7 4.g3 c5 5.Bg2 cxd4 6.Nxd4 O-O 7.O-O Nc6 8.Nc3 
Nxd4 9.Qxd4 d6 10.Qd3 a6 11.Bd2 Nd7 12.e4 b5 13.cxb5 axb5 14.Nxb5 Nc5 15.
Qc2 Ba6 16.a4 Rb8 17.Rfb1 Qd7 18.Bc3 Bxc3 19.bxc3 Bxb5 20.axb5 Rxb5 21.Rb4
Rc8 22.Bh3 e6 23.Bf1 Rb7 24.Rd1 Qc7 25.h4 Rcb8 26.Rdb1 Qc6 27.Bg2 Na6 28.
Rxb7 Rxb7 29.Rd1 Rb6 30.Qd2 Nc7 31.h5 Nb5 32.Rc1 Qc5 33.h6 Qe5 34.Rb1 Rc6 
35.Qb2 Rc5 36.Bf1 Qxe4 37.c4 Kf8 38.cxb5 Rh5 39.Bg2 Qe5 40.Qxe5 1-0

[Event "36th World U20 ch"]
[Site "Zagan POL"]
[Date "1997.07.20"]
[Round "7"]
[White "Rezan, Sasa"]
[Black "Blehm, Pawel"]
[Result "1-0"]
[WhiteElo "2250"]
[BlackElo "2400"]
[EventDate "1997.07.14"]
[PlyCount "85"]

1.e4 c5 2.Nf3 d6 3.d4 cxd4 4.Nxd4 Nf6 5.Nc3 Nc6 6.Be3 Ng4 7.Bb5 Nxe3 8.
fxe3 Bd7 9.O-O e6 10.Bxc6 bxc6 11.Qf3 Qf6 12.Qe2 Qd8 13.Qf3 Qf6 14.Qe2 Qh6
15.Rf3 e5 16.Nxc6 Bxc6 17.Qc4 Bd7 18.Qxf7+ Kd8 19.Nd5 Qg6 20.Raf1 Qxe4 21.
Nc3 Qc6 22.Nd5 Be8 23.Qe6 Qc8 24.Qxc8+ Rxc8 25.Rxf8 Rxf8 26.Rxf8 Rxc2 27.
Rg8 Rxb2 28.Rxg7 Rxa2 29.Rg8 Rc2 30.Nf6 Ke7 31.Nxe8 Rc8 32.Rg7+ Kxe8 33.
Rxa7 Rc2 34.Rxh7 Re2 35.Rh3 Ke7 36.Rg3 Kf6 37.h4 d5 38.h5 d4 39.h6 Re1+ 
40.Kh2 Rxe3 41.h7 Rxg3 42.h8=Q+ Rg7 43.g4 1-0

[Event "36th World U20 ch"]
[Site "Zagan POL"]
[Date "1997.07.20"]
[Round "7"]
[White "Jirovsky, Petr"]
[Black "Podkriznik, Gregor"]
[Result "0-1"]
[WhiteElo "2395"]
[BlackElo "2295"]
[EventDate "1997.07.14"]
[PlyCount "70"]

1.e4 c5 2.Nc3 Nc6 3.f4 g6 4.Nf3 Bg7 5.Bc4 e6 6.O-O Nge7 7.d3 d5 8.Bb3 O-O 
9.Qe1 Nd4 10.Nxd4 cxd4 11.Ne2 dxe4 12.dxe4 b6 13.Qf2 Bb7 14.Ng3 Qd7 15.Bd2
a5 16.a4 Qc6 17.Rfe1 Rad8 18.Rad1 Kh8 19.Bc1 b5 20.axb5 Qxb5 21.f5 gxf5 
22.exf5 Nxf5 23.Nxf5 Qxf5 24.Qxf5 exf5 25.Bg5 Ra8 26.Re7 Be4 27.Ba4 Rab8 
28.Bb3 a4 29.Bxa4 Rxb2 30.Rd2 h6 31.Bf4 Ra8 32.Bb3 d3 33.cxd3 Bd4+ 34.Kf1 
Rxd2 35.Rxe4 Rf2+ 0-1

[Event "36th World U20 ch"]
[Site "Zagan POL"]
[Date "1997.07.20"]
[Round "7"]
[White "Henni, Mohamed"]
[Black "Blanco Acevedo, Cristobal Jose"]
[Result "0-1"]
[WhiteElo "2375"]
[BlackElo "2090"]
[EventDate "1997.07.14"]
[PlyCount "92"]

1.e4 c5 2.Ne2 Nc6 3.d4 cxd4 4.Nxd4 e5 5.Nb5 a6 6.N5c3 Bc5 7.Be2 Nge7 8.O-O
O-O 9.Nd5 Nxd5 10.exd5 Nd4 11.Bd3 d6 12.Nd2 Nf5 13.Ne4 Ba7 14.Qh5 g6 15.
Qd1 Ng7 16.h4 Kh8 17.Bh6 f5 18.Bg5 Qc7 19.Nd2 Nh5 20.Kh1 Nf6 21.Be2 Nxd5 
22.Bh6 Rf7 23.Ne4 Nf6 24.Nxf6 Rxf6 25.Bg5 Rf8 26.Qd5 Kg7 27.Rad1 h6 28.Bc1
Bc5 29.c3 a5 30.f4 Qe7 31.g3 b6 32.Bf3 Ra7 33.Qd2 e4 34.b4 exf3 35.bxc5 
dxc5 36.c4 Qe2 37.Rfe1 Qxc4 38.Bb2+ Kh7 39.Qd6 Raf7 40.Re7 f2 41.Rxf7+ 
Rxf7 42.Qe5 Qe4+ 43.Kh2 Qxe5 44.Bxe5 Ba6 45.Rd8 Rg7 46.Bxg7 Kxg7 0-1

[Event "36th World U20 ch"]
[Site "Zagan POL"]
[Date "1997.07.20"]
[Round "7"]
[White "Bae, Torstein"]
[Black "Moreira Romero, Jairo"]
[Result "0-1"]
[WhiteElo "2200"]
[BlackElo "2200"]
[EventDate "1997.07.14"]
[PlyCount "48"]

1.e4 c5 2.Nc3 g6 3.g3 Bg7 4.Bg2 Nc6 5.d3 e6 6.Be3 b6 7.Qd2 Nd4 8.Nd1 d5 9.
Nh3 Ne7 10.c3 Ndc6 11.Bh6 O-O 12.Bxg7 Kxg7 13.Ne3 dxe4 14.dxe4 Ne5 15.
O-O-O Ba6 16.Qxd8 Raxd8 17.f4 Nd3+ 18.Kc2 Rd7 19.Rd2 Rfd8 20.Rhd1 Ne1+ 21.
Kc1 Rxd2 22.Rxd2 Rxd2 23.Kxd2 Nxg2 24.Nxg2 Bf1 0-1